Michael Jackson's Bad songs album - Statistics

General Stats
  • This quiz has been taken 482 times
  • The average score is 9 of 11
Answer Stats
Number Song % Correct
1 Bad
100%
10 Smooth Criminal
92%
9 Dirty Diana
85%
7 Man In The Mirror
85%
2 The Way You Make Me Feel
85%
11 Leave Me Alone
83%
3 Speed Demon
81%
4 Liberian Girl
80%
8 I Just Can't Stop Loving You
79%
6 Another Part Of Me
77%
5 Just Good Friends
75%
No matching quizzes found
Score Distribution
Percent of People with Each Score
Percentile by Number Answered
Your Score History
You have not taken this quiz